000 00832nam1a22002291i 4500
001 v19\rc\2016371
005 20240726040109.0
035 _a(NLR Aleph) 005097295
090 _a7356170
_c7356170
100 _a20080925d1903 |||y0rusy50 ca
101 0 _arus
102 _aRU
105 _ay z |||||
200 1 _aОтчет Комиссии по устройству народных чтений при Виленской еврейской дешевой столовой...
210 _aВильна
_d1903
215 _a1 т.
710 0 2 _aВиленская еврейская дешевая столовая
_bКомиссия по устройству народных чтений
801 0 _aRU
_bNLR
_gpsbo
801 1 _aRU
_bProSoft-M
_2rusmarc
852 _aNLR
_j19.117.4.103
852 _aNLR
_j34.61a.4.16
942 _cBOOK